<?xml version="1.0" encoding="UTF-8"?>
<record
    xmlns:xsi="http://www.w3.org/2001/XMLSchema-instance"
    xsi:schemaLocation="http://www.loc.gov/MARC21/slim http://www.loc.gov/standards/marcxml/schema/MARC21slim.xsd"
    xmlns="http://www.loc.gov/MARC21/slim">

  <leader>01237nam a22002777a 4500</leader>
  <controlfield tag="005">20081118114929.0</controlfield>
  <controlfield tag="008">081118t        xxu||||| |||| 00| p hin d</controlfield>
  <datafield tag="010" ind1=" " ind2=" ">
    <subfield code="a">HIN-91643</subfield>
  </datafield>
  <datafield tag="020" ind1=" " ind2=" ">
    <subfield code="c">140.00</subfield>
    <subfield code="a">9788191023602</subfield>
  </datafield>
  <datafield tag="035" ind1=" " ind2=" ">
    <subfield code="a">HN-63989</subfield>
  </datafield>
  <datafield tag="037" ind1=" " ind2=" ">
    <subfield code="b">DBAD / PUB</subfield>
  </datafield>
  <datafield tag="040" ind1=" " ind2=" ">
    <subfield code="a">DPL</subfield>
    <subfield code="b">HN</subfield>
  </datafield>
  <datafield tag="082" ind1=" " ind2=" ">
    <subfield code="a">821</subfield>
  </datafield>
  <datafield tag="100" ind1=" " ind2=" ">
    <subfield code="9">25652</subfield>
    <subfield code="a">&#x905;&#x91C;&#x93C;&#x940;&#x91C;&#x93C; &#x905;&#x902;&#x938;&#x93E;&#x930;&#x940;</subfield>
  </datafield>
  <datafield tag="245" ind1=" " ind2=" ">
    <subfield code="a">&#x92A;&#x93E;&#x902;&#x935; &#x924;&#x932;&#x947; &#x906;&#x938;&#x92E;&#x93E;&#x928;&#x903;</subfield>
    <subfield code="c">&#x905;&#x91C;&#x93C;&#x940;&#x91C;&#x93C; &#x905;&#x902;&#x938;&#x93E;&#x930;&#x940;</subfield>
    <subfield code="b">&#x917;&#x93C;&#x91C;&#x93C;&#x932; &#x938;&#x902;&#x917;&#x94D;&#x930;&#x939; /</subfield>
  </datafield>
  <datafield tag="246" ind1=" " ind2=" ">
    <subfield code="a">Panv Tale Aasman</subfield>
    <subfield code="b">by Aajij Ansari</subfield>
  </datafield>
  <datafield tag="260" ind1=" " ind2=" ">
    <subfield code="a">&#x928;&#x94B;&#x90F;&#x921;&#x93E;</subfield>
    <subfield code="b">&#x905;&#x902;&#x938;&#x93E;&#x930;&#x940; &#x92A;&#x92C;&#x94D;&#x932;&#x93F;&#x915;&#x947;&#x936;&#x902;&#x938;</subfield>
    <subfield code="c">2010</subfield>
  </datafield>
  <datafield tag="270" ind1=" " ind2=" ">
    <subfield code="a">&#x92C;&#x940;-502, &#x92A;&#x94D;&#x932;&#x949;&#x91F; 8, &#x938;&#x948;&#x915;&#x94D;&#x91F;&#x930; &#x92A;&#x940;&#x906;&#x908;&#x908; , &#x92A;&#x94D;&#x930;&#x938;&#x93E;&#x930; &#x915;&#x941;&#x902;&#x91C;, &#x917;&#x94D;&#x930;&#x947;&#x91F;&#x930; </subfield>
    <subfield code="b">&#x928;&#x94B;&#x90F;&#x921;&#x93E; (&#x92F;&#x942;.&#x92A;&#x940;.)</subfield>
    <subfield code="e">201308</subfield>
    <subfield code="k">09999111766</subfield>
  </datafield>
  <datafield tag="300" ind1=" " ind2=" ">
    <subfield code="a">119&#x92A;&#x943;</subfield>
    <subfield code="c">22&#x938;&#x947;&#x92E;&#x940; (&#x938;&#x91C;&#x93F;&#x932;&#x94D;&#x926;)</subfield>
  </datafield>
  <datafield tag="650" ind1=" " ind2=" ">
    <subfield code="a">&#x939;&#x93F;&#x928;&#x94D;&#x926;&#x940; &#x915;&#x935;&#x93F;&#x924;&#x93E;</subfield>
    <subfield code="9">697</subfield>
  </datafield>
  <datafield tag="650" ind1=" " ind2=" ">
    <subfield code="a">Hindi poetry</subfield>
    <subfield code="9">698</subfield>
  </datafield>
  <datafield tag="700" ind1=" " ind2=" ">
    <subfield code="9">25653</subfield>
  </datafield>
  <datafield tag="700" ind1=" " ind2=" ">
    <subfield code="9">25654</subfield>
  </datafield>
  <datafield tag="942" ind1=" " ind2=" ">
    <subfield code="2">ddc</subfield>
    <subfield code="c">HN</subfield>
    <subfield code="m">&#x905;&#x91C;&#x93C;&#x940;&#x91C;&#x93C;</subfield>
    <subfield code="h">821</subfield>
  </datafield>
  <datafield tag="999" ind1=" " ind2=" ">
    <subfield code="c">50140</subfield>
    <subfield code="d">50140</subfield>
  </datafield>
  <datafield tag="952" ind1=" " ind2=" ">
    <subfield code="0">0</subfield>
    <subfield code="1">0</subfield>
    <subfield code="2">ddc</subfield>
    <subfield code="4">0</subfield>
    <subfield code="7">1</subfield>
    <subfield code="8">NFIC</subfield>
    <subfield code="a">DBAD</subfield>
    <subfield code="b">DBAD</subfield>
    <subfield code="d">2011-01-27</subfield>
    <subfield code="e">DBAD /PUB</subfield>
    <subfield code="g">140.00</subfield>
    <subfield code="l">0</subfield>
    <subfield code="o">821 &#x905;&#x91C;&#x93C;&#x940;&#x91C;&#x93C;</subfield>
    <subfield code="p">HN-63989</subfield>
    <subfield code="r">2011-01-27 00:00:00</subfield>
    <subfield code="t">1</subfield>
    <subfield code="v">140.00</subfield>
    <subfield code="w">2011-01-27</subfield>
    <subfield code="y">HN</subfield>
  </datafield>
</record>
